|
|
|
|
| LEADER |
00000nam0a2200000 4500 |
| 001 |
363112 |
| 005 |
20231101043652.0 |
| 035 |
|
|
|a (RuTPU)RU\TPU\retro\20459
|
| 090 |
|
|
|a 363112
|
| 100 |
|
|
|a 20210920d1980 km y0rusy50 ca
|
| 101 |
0 |
|
|a rus
|
| 102 |
|
|
|a RU
|
| 105 |
|
|
|a a j 000zy
|
| 200 |
1 |
|
|a Экскаваторы непрерывного действия
|e учебное пособие
|f З. Е. Гарбузов, В. М. Донской, Н. М. Карев, Л. Е. Подборский
|
| 205 |
|
|
|a 2-е изд., перераб. и доп.
|
| 210 |
|
|
|a Москва
|c Высшая школа
|d 1980
|
| 215 |
|
|
|a 303 с.
|c ил.
|
| 225 |
1 |
|
|a Профтехобразование. Строительные машины
|
| 606 |
1 |
|
|a Экскаваторы непрерывного действия
|2 stltpush
|3 (RuTPU)RU\TPU\subj\26711
|
| 610 |
1 |
|
|a учебные пособия
|
| 610 |
1 |
|
|a приводы
|
| 610 |
1 |
|
|a двигатели внутреннего сгорания
|
| 610 |
1 |
|
|a электроприводы
|
| 610 |
1 |
|
|a электрооборудование
|
| 610 |
1 |
|
|a конструкции
|
| 610 |
1 |
|
|a траншейные бесковшовые экскаваторы
|
| 610 |
1 |
|
|a роторные экскаваторы
|
| 610 |
1 |
|
|a каналокопатели
|
| 610 |
1 |
|
|a стреловые экскаваторы
|
| 610 |
1 |
|
|a экскаваторные работы
|
| 610 |
1 |
|
|a техническое обслуживание
|
| 610 |
1 |
|
|a техника безопасности
|
| 675 |
|
|
|a 621.879.4(075)
|v 4
|
| 701 |
|
1 |
|a Гарбузов
|b З. Е.
|g Залман Еремеевич
|
| 701 |
|
1 |
|a Донской
|b В. М.
|g Виктор Михайлович
|
| 701 |
|
1 |
|a Карев
|b Н. М.
|g Николай Михайлович
|
| 701 |
|
1 |
|a Подборский
|b Л. Е.
|g Леонид Ермолаевич
|
| 801 |
|
1 |
|a RU
|b 63413507
|c 20210920
|
| 942 |
|
|
|c BK
|